Central Library OPAC University of Rajshahi

সাহিত্য ও শিল্পলোক / (Record no. 233)

MARC details
000 -LEADER
fixed length control field 00945nam a2200241 a 4500
001 - CONTROL NUMBER
control field 233
003 - CONTROL NUMBER IDENTIFIER
rucl marc code BD-RjUL
005 - DATE AND TIME OF LATEST TRANSACTION
control field 20211208233133.0
008 - FIXED-LENGTH DATA ELEMENTS--GENERAL INFORMATION
fixed length control field 131113s1961 ii |||| 000 1 ben d
020 ## - INTERNATIONAL STANDARD BOOK NUMBER
Terms of availability PRs. 5.62
035 ## - SYSTEM CONTROL NUMBER
System control number (BD-RjUL) 247
040 ## - CATALOGING SOURCE
Original cataloging agency BD-RjUL
Language of cataloging ben
Transcribing agency BD-RjUL
Modifying agency BD-RjUL
041 ## - LANGUAGE CODE
Language code of text/sound track or separate title ben
082 04 - DEWEY DECIMAL CLASSIFICATION NUMBER
Classification number 891.4409
Author mark and year NAS 1961
Edition number 23
100 1# - MAIN ENTRY--PERSONAL NAME
Personal name নাথ, দ্বিজেন্দ্রলাল
9 (RLIN) 701
245 00 - TITLE STATEMENT
Title সাহিত্য ও শিল্পলোক /
Statement of responsibility, etc. দ্বিজেন্দ্রলাল নাথ.
260 ## - PUBLICATION, DISTRIBUTION, ETC. (IMPRINT)
Place of publication, distribution, etc. কলকাতা :
Name of publisher, distributor, etc. এ. মুখার্জি অ্যান্ড কোং,
Date of publication, distribution, etc. ১৯৬১ [১৩৬৮]
300 ## - PHYSICAL DESCRIPTION
Pagination ২২১পৃ. ;
Size ১৮ সেমি.
526 ## - STUDY PROGRAM INFORMATION NOTE
Requested Dept. Bengali.
650 ## - SUBJECT ADDED ENTRY--TOPICAL TERM
Topical term or geographic name as entry element বাংলা সাহিত্য
9 (RLIN) 120248
General subdivision ইতিহাস ও সমালোচনা
Topical term or geographic name as entry element Bengali Literature
9 (RLIN) 120249
General subdivision History and Criticism
942 ## - ADDED ENTRY ELEMENTS (KOHA)
Source of classification or shelving scheme Dewey Decimal Classification
Koha item type Books
Holdings
Lost status Source of classification or shelving scheme Damaged status Not for loan Collection code Permanent Location Current Location Shelving location Date acquired Source of acquisition Cost, normal purchase price Total Checkouts Full call number Date last seen Copy number Koha item type
  Dewey Decimal Classification     Non-fiction Central Library, University of Rajshahi Central Library, University of Rajshahi   22/01/1965 Daka ideal library 5.62   B 891.4409 NAS 1961 13/11/2013 C-3 Books
  Dewey Decimal Classification     Non-fiction Central Library, University of Rajshahi Central Library, University of Rajshahi   04/09/1973 India Gov.     B 891.4409 NAS 1961 27/09/2016 C-2 Books
  Dewey Decimal Classification     Non-fiction Central Library, University of Rajshahi Central Library, University of Rajshahi   22/01/1965 Ideal 5.62   B 891.4409 NAS 1961 27/09/2016 C-4 Books
  Dewey Decimal Classification     Non-fiction Central Library, University of Rajshahi Central Library, University of Rajshahi   20/11/1978 India Int. Calcutta 7.50   B 891.4409 NAS 1961 28/09/2016 C-5 Books
  Dewey Decimal Classification     Non-fiction Central Library, University of Rajshahi Central Library, University of Rajshahi   20/11/1978 Kolikata, India International 7.50   B 891.4409 NAS 1961 02/10/2016 C-6 Books
  Dewey Decimal Classification     Non-fiction Central Library, University of Rajshahi Central Library, University of Rajshahi   17/09/1973 Uttorbango lib.,Rajshahi. 5.00   B 891.4409 NAS 1961 24/11/2016 C-7 Books